000 00347 a2200157 4500
001 171964
020 _a
040 _cMagnum
100 _aPerlman, Alina
240 1 0 _aUma conquista muito especial
_lpor
245 1 0 _aUma conquista muito especial
362 0 _a1899
440 1 _aScipione
697 _aIJ/SOCIEDADE COTIDIANO
942 _cBK
999 _c171964
_d171964